Normal view
MARC view
- Goenka, Shreyans.
Entry Personal Name
001 - CONTROL NUMBER
- control field: 49878
003 - CONTROL NUMBER IDENTIFIER
- control field: OSt
005 - DATE AND TIME OF LATEST TRANSACTION
- control field: 20231025094020.0
008 - FIXED-LENGTH DATA ELEMENTS
- fixed length control field: 231025|| aca||aabn | a|a d
040 ## - CATALOGING SOURCE
- Original cataloging agency: OSt
- Transcribing agency: OSt
100 ## - HEADING--PERSONAL NAME
- Personal name: Goenka, Shreyans.
- Relator term: author.
670 ## - SOURCE DATA FOUND
- Source citation: Work cat.: (OSt): Goenka, Shreyans. author., The malleable morality of conspicuous consumption /, March 2020.
